[Event "Lake Sevan 2014"]
[Site "Martuni ARM"]
[Date "2014.07.31"]
[Round "5.3"]
[White "Gabuzyan, Hovhannes"]
[Black "Areshchenko, Alexander"]
[Result "1/2-1/2"]
[WhiteTitle "GM"]
[BlackTitle "GM"]
[WhiteElo "2582"]
[BlackElo "2701"]
[WhiteFideId "13303732"]
[BlackFideId "14109530"]
[EventDate "2014.07.27"]

1. d4 Nf6 2. Nf3 g6 3. g3 Bg7 4. Bg2 d5 5. c4 c6 6. O-O O-O 7. Qb3 Qb6 8. Nc3
Rd8 9. Rd1 Bf5 10. Ne1 Be6 11. c5 Qxb3 12. axb3 Nbd7 13. b4 a6 14. h3 Ne4 15.
Bf4 g5 16. Be3 Nxc3 17. bxc3 h6 18. f3 Bf5 19. Bf2 Bg6 20. e4 dxe4 21. fxe4 Nf6
22. e5 Ne4 23. Rdc1 f6 24. exf6 exf6 25. Ra2 Rd7 26. Re2 Re8 27. Nd3 Rde7 28.
Nb2 Nxf2 29. Rxf2 Re1+ 30. Rxe1 Rxe1+ 31. Rf1 Re3 32. Rf3 Re1+ 33. Rf1 Re3 1/2-1/2

[Event "Lake Sevan 2014"]
[Site "Martuni ARM"]
[Date "2014.07.31"]
[Round "5.4"]
[White "Fedoseev, Vladimir3"]
[Black "Melkumyan, Hrant"]
[Result "1/2-1/2"]
[WhiteTitle "GM"]
[BlackTitle "GM"]
[WhiteElo "2668"]
[BlackElo "2647"]
[WhiteFideId "24130737"]
[BlackFideId "13302485"]
[EventDate "2014.07.27"]

1. d4 Nf6 2. c4 e6 3. Nc3 Bb4 4. Qc2 d5 5. cxd5 Qxd5 6. e3 c5 7. Bd2 Bxc3 8.
Bxc3 cxd4 9. Bxd4 Nc6 10. Bxf6 gxf6 11. Ne2 Bd7 12. a3 Qa5+ 13. Nc3 Ne7 14. Bc4
Rc8 15. Qb3 Ba4 16. Qxa4+ Qxa4 17. Bb5+ Qxb5 18. Nxb5 Rc2 19. b4 Nc6 20. Nd6+
Ke7 21. Nxb7 Rb8 22. Nc5 a5 23. O-O axb4 24. axb4 Rxb4 25. Nd3 Rb3 26. Nf4 f5
27. h3 Rbb2 28. Ra8 Rb8 29. Rxb8 Nxb8 30. Ra1 Rc7 31. Ra8 Nd7 32. Ra2 Nf6 33. f3
Rd7 34. Ra5 Rd2 35. Kf1 Kf8 36. Ke1 Rb2 37. g4 fxg4 38. hxg4 h6 39. Ra8+ Kg7 40.
Ra7 Kg8 41. Nd3 Rb5 42. e4 h5 43. e5 Nd5 44. gxh5 Nb4 45. Nxb4 1/2-1/2

[Event "Lake Sevan 2014"]
[Site "Martuni ARM"]
[Date "2014.07.31"]
[Round "5.5"]
[White "Ter-Sahakyan, Samvel"]
[Black "Sjugirov, Sanan"]
[Result "0-1"]
[WhiteTitle "GM"]
[BlackTitle "GM"]
[WhiteElo "2572"]
[BlackElo "2643"]
[WhiteFideId "13302531"]
[BlackFideId "4189302"]
[EventDate "2014.07.27"]

1. e4 c6 2. d4 d5 3. exd5 cxd5 4. c4 Nf6 5. Nc3 Nc6 6. Bg5 Ne4 7. Nxe4 dxe4 8.
d5 Ne5 9. Qd4 f6 10. Bf4 Ng4 11. Bd2 e5 12. Qxe4 Qb6 13. Nh3 Bc5 14. O-O-O Bxf2
15. Qf3 Bd4 16. Bc3 Bxc3 17. Qxc3 Qe3+ 18. Qd2 b5 19. b3 Bf5 20. Bd3 Qxd3 21.
Qxd3 Bxd3 22. Rxd3 bxc4 23. bxc4 Kd7 24. Kd2 Rhc8 25. Rc1 Kd6 26. Ra3 a5 27. Rb3
Rab8 28. Rcb1 Rxb3 29. axb3 a4 30. Kd3 Rb8 31. b4 a3 32. Kc3 Ne3 33. Nf2 f5 34.
Ra1 Rxb4 35. Kxb4 Nc2+ 36. Kb3 Nxa1+ 37. Kxa3 Nc2+ 38. Ka4 e4 39. Kb5 e3 40. Nd3
g5 41. h4 h6 42. hxg5 hxg5 43. Kb6 Nd4 44. Nb4 Nb3 45. Nd3 e2 46. Ne1 Nd4 47.
Ka5 f4 48. Kb4 g4 49. Kc3 f3 50. gxf3 gxf3 51. Kxd4 0-1

[Event "Lake Sevan 2014"]
[Site "Martuni ARM"]
[Date "2014.08.01"]
[Round "6.1"]
[White "Areshchenko, Alexander"]
[Black "Ter-Sahakyan, Samvel"]
[Result "1/2-1/2"]
[WhiteTitle "GM"]
[BlackTitle "GM"]
[WhiteElo "2701"]
[BlackElo "2572"]
[WhiteFideId "14109530"]
[BlackFideId "13302531"]
[EventDate "2014.07.27"]

1. e4 c5 2. Nf3 d6 3. d4 cxd4 4. Nxd4 Nf6 5. Nc3 a6 6. h3 e6 7. g4 Be7 8. g5
Nfd7 9. Be3 b5 10. a3 Bb7 11. h4 Nc5 12. Bg2 Nc6 13. f4 Na5 14. b3 Rc8 15. Nde2
f5 16. O-O O-O 17. exf5 Bxg2 18. Kxg2 Rxf5 19. Rf3 Nc6 20. Ng3 Rf7 21. Qe2 Qc7
22. Bg1 Rcf8 23. Raf1 Qd7 24. Qd2 Qb7 25. Kh3 a5 26. Qe2 Ne5 27. R3f2 Ng6 28.
Qe3 b4 29. Nce2 Bd8 30. axb4 axb4 31. h5 Ne7 32. Qd2 Nd5 33. f5 exf5 34. g6 Rf6
35. Rxf5 Rxf5 36. Rxf5 Rxf5 37. Nxf5 Ne4 38. Qd3 Ng5+ 39. Kg3 hxg6 40. hxg6 Nf6
41. Kf2 Bb6+ 42. Kf1 Bxg1 43. Nxg1 Nge4 44. Nxd6 Nxd6 45. Qxd6 Qe4 46. Qg3 Nd7
47. Qc7 Qf5+ 48. Ke2 Qe4+ 49. Kf2 Qxg6 50. Nf3 Nf6 51. Qc4+ Kh7 52. Qh4+ Kg8 53.
Qc4+ 1/2-1/2

[Event "Lake Sevan 2014"]
[Site "Martuni ARM"]
[Date "2014.08.01"]
[Round "6.2"]
[White "Andriasian, Zaven"]
[Black "Gabuzyan, Hovhannes"]
[Result "1-0"]
[WhiteTitle "GM"]
[BlackTitle "GM"]
[WhiteElo "2628"]
[BlackElo "2582"]
[WhiteFideId "13302000"]
[BlackFideId "13303732"]
[EventDate "2014.07.27"]

1. e4 e5 2. Nf3 Nc6 3. Bc4 Bc5 4. b4 Bxb4 5. c3 Be7 6. d4 Na5 7. Be2 d6 8. Qa4+
c6 9. dxe5 dxe5 10. Nxe5 Nf6 11. O-O Qc7 12. f4 O-O 13. Nd2 Be6 14. Ndf3 Bc5+
15. Kh1 Rfe8 16. Ng5 h6 17. Nxe6 Rxe6 18. Bf3 Rae8 19. Nd3 Rxe4 20. Bxe4 Rxe4
21. Qc2 Bb6 22. Ne5 Qe7 23. Bd2 Nc4 24. Rae1 Rxe1 25. Rxe1 Bf2 26. Re2 Bb6 27.
Be1 Nxe5 28. Rxe5 Qd6 29. h3 Bc7 30. Qf2 Qd1 31. Re7 Bd6 32. Re3 Qb1 33. Re2 Nd5
34. Qd4 Qg6 35. g3 Qh5 36. Re8+ Kh7 37. Kh2 f5 38. Re6 Bc7 39. c4 Bb6 40. Qd3
Nf6 41. Kg2 Ne4 42. Re7 Qg6 43. Bc3 Nxc3 44. Qxc3 h5 45. Qd3 Qf6 46. Re5 g6 47.
Qd7+ Kh6 48. h4 Qg7 49. Qe7 Kh7 50. c5 1-0

[Event "Lake Sevan 2014"]
[Site "Martuni ARM"]
[Date "2014.08.01"]
[Round "6.3"]
[White "Melkumyan, Hrant"]
[Black "Kuzubov, Yuriy"]
[Result "1/2-1/2"]
[WhiteTitle "GM"]
[BlackTitle "GM"]
[WhiteElo "2647"]
[BlackElo "2656"]
[WhiteFideId "13302485"]
[BlackFideId "14112906"]
[EventDate "2014.07.27"]

1. Nf3 Nf6 2. d4 e6 3. c4 Bb4+ 4. Nc3 O-O 5. Bg5 c5 6. Rc1 h6 7. Bh4 cxd4 8.
Nxd4 d5 9. e3 e5 10. Nf3 d4 11. exd4 exd4 12. Qxd4 g5 13. Bg3 Re8+ 14. Be2 Qe7
15. O-O Nc6 16. Qe3 Bxc3 17. bxc3 Qxe3 18. fxe3 Ne4 19. Nd4 Nxg3 20. hxg3 Rxe3
21. Bf3 Bd7 22. Bd5 Rf8 23. Rf6 Rxg3 24. Rxh6 Ne5 25. Re1 Re8 26. Rd6 Bg4 27.
Rg6+ Nxg6 28. Rxe8+ Kh7 29. Rb8 Nf4 30. Rxb7 Nxd5 31. cxd5 Rxc3 32. Rxf7+ Kh6
33. Rxa7 Rd3 34. Ra4 Bd7 35. Rb4 g4 36. Kf1 g3 37. Ke2 Ra3 38. Rb2 Bg4+ 39. Ke1
Kg5 40. Ne2 Kf6 41. Rd2 Ke7 42. Nd4 Re3+ 43. Re2 Bxe2 44. Nf5+ Kf6 45. Nxe3 Bb5
46. a3 Ke5 47. Kd2 Kd4 48. d6 Ke5 49. Nf1 Kxd6 50. Nxg3 Bc6 51. Nf5+ Ke5 52. Ne3
Kd4 53. g3 Ke4 54. Ke2 Kd4 55. Kf2 Kc3 56. g4 Kb3 57. Nf5 Kxa3 58. Ke3 Kb4 59.
Kd4 Bf3 60. g5 Bh5 61. Ne7 Kb5 62. Kd5 Kb6 63. Kd6 Kb7 64. Kd7 Bf7 65. Nf5 Bg6
66. Nh4 Bh7 67. Ng2 Bf5+ 68. Kd6 Kc8 69. Nf4 Kd8 70. Ne6+ Ke8 71. Ng7+ Kf7 72.
Nxf5 Kg6 73. Ke5 Kxg5 1/2-1/2

[Event "Lake Sevan 2014"]
[Site "Martuni ARM"]
[Date "2014.08.01"]
[Round "6.4"]
[White "Sjugirov, Sanan"]
[Black "Hovhannisyan, Robert"]
[Result "1/2-1/2"]
[WhiteTitle "GM"]
[BlackTitle "GM"]
[WhiteElo "2643"]
[BlackElo "2592"]
[WhiteFideId "4189302"]
[BlackFideId "13302507"]
[EventDate "2014.07.27"]

1. d4 d5 2. c4 c6 3. Nf3 Nf6 4. e3 Bg4 5. Qb3 Qb6 6. Nc3 e6 7. Nh4 Bh5 8. h3
Qxb3 9. axb3 Na6 10. g4 Nb4 11. Kd1 Bg6 12. Nxg6 hxg6 13. g5 Nd7 14. Bd2 Be7 15.
Rg1 b6 16. Na2 Nxa2 17. Rxa2 Kd8 18. b4 dxc4 19. Bxc4 Rxh3 20. b5 cxb5 21. Bxb5
Bd6 22. Ba6 Rh2 23. Bb7 Rb8 24. Rxa7 Rxb7 25. Rxb7 Bb8 26. Ke2 Kc8 27. Rxb8+
Kxb8 28. e4 Rh4 29. Kf3 e5 30. Bc3 exd4 31. Bxd4 Nc5 32. Rg4 Rxg4 33. Kxg4 Nxe4
34. Bxb6 f6 35. gxf6 gxf6 36. Bd4 f5+ 37. Kf4 Kc7 38. f3 Nd2 39. Bf6 Kc6 40. Ke3
Nc4+ 41. Kf4 Nd2 42. Bc3 g5+ 43. Kxg5 Nxf3+ 44. Kxf5 1/2-1/2

[Event "Lake Sevan 2014"]
[Site "Martuni ARM"]
[Date "2014.08.01"]
[Round "6.5"]
[White "Fedoseev, Vladimir3"]
[Black "Vidit, Santosh Gujrathi"]
[Result "1/2-1/2"]
[WhiteTitle "GM"]
[BlackTitle "GM"]
[WhiteElo "2668"]
[BlackElo "2602"]
[WhiteFideId "24130737"]
[BlackFideId "5029465"]
[EventDate "2014.07.27"]

1. e4 e5 2. Nf3 Nf6 3. d4 Nxe4 4. dxe5 d5 5. Nbd2 Nxd2 6. Qxd2 Be7 7. Bd3 c5 8.
O-O Nc6 9. Qf4 O-O 10. Qg3 Kh8 11. c3 h6 12. Bc2 Be6 13. Rd1 Qc7 14. Bf4 Rad8
15. Nh4 Bxh4 16. Qxh4 Qe7 17. Qh5 f5 18. Bxh6 gxh6 19. Qxh6+ Kg8 20. Qg6+ Kh8
21. Qh6+ Kg8 22. Rd3 f4 23. Qg6+ Kh8 24. Qh6+ Kg8 25. Qg6+ Kh8 26. Qh6+ Kg8 27.
Qg6+ 1/2-1/2

[Event "Lake Sevan 2014"]
[Site "Martuni ARM"]
[Date "2014.08.02"]
[Round "7.1"]
[White "Gabuzyan, Hovhannes"]
[Black "Fedoseev, Vladimir3"]
[Result "0-1"]
[WhiteTitle "GM"]
[BlackTitle "GM"]
[WhiteElo "2582"]
[BlackElo "2668"]
[WhiteFideId "13303732"]
[BlackFideId "24130737"]
[EventDate "2014.07.27"]

1. d4 d5 2. Nf3 Nf6 3. c4 e6 4. g3 Be7 5. Bg2 O-O 6. O-O dxc4 7. Qc2 a6 8. a4
Bd7 9. Qxc4 Bc6 10. Bg5 Bd5 11. Qd3 Be4 12. Qe3 Nbd7 13. Nc3 Bg6 14. Ne5 c6 15.
Nxg6 hxg6 16. h4 Qa5 17. Rfb1 Rac8 18. b4 Bxb4 19. Na2 Bd6 20. Rxb7 c5 21. Rd1
cxd4 22. Rxd4 Qe1+ 23. Bf1 Nc5 24. Rb6 Nd5 25. Rxd5 exd5 26. Rxd6 Ne4 27. Rxd5
Rfe8 28. Qd4 Rc4 29. Qa7 Rc5 30. Qxc5 Nxc5 31. Bd2 Qa1 32. Rxc5 Qxa2 33. Bc3 Rd8
34. e3 Rd1 35. Kg2 Qc2 36. Rc4 Qb1 37. Be2 Rg1+ 38. Kh2 Rh1+ 39. Kg2 Qg1+ 40.
Kf3 Rh2 0-1

[Event "Lake Sevan 2014"]
[Site "Martuni ARM"]
[Date "2014.08.02"]
[Round "7.2"]
[White "Hovhannisyan, Robert"]
[Black "Areshchenko, Alexander"]
[Result "0-1"]
[WhiteTitle "GM"]
[BlackTitle "GM"]
[WhiteElo "2592"]
[BlackElo "2701"]
[WhiteFideId "13302507"]
[BlackFideId "14109530"]
[EventDate "2014.07.27"]

1. e4 c5 2. Nf3 d6 3. d4 cxd4 4. Nxd4 Nf6 5. Nc3 a6 6. Be2 e5 7. Nb3 Be7 8. Be3
Be6 9. Nd5 Nbd7 10. Qd3 Bxd5 11. exd5 Rc8 12. c4 O-O 13. O-O Ne8 14. Qd2 f5 15.
f4 g6 16. Na5 exf4 17. Bxf4 Nef6 18. Kh1 Ne4 19. Qb4 Qc7 20. Rac1 Bf6 21. Qxb7
Qxa5 22. Qxd7 Rcd8 23. Qe6+ Kg7 24. c5 Rfe8 25. c6 Rxe6 26. dxe6 Qb6 27. Bf3 Rc8
28. Bxe4 fxe4 29. Bxd6 Rxc6 30. e7 Rxc1 31. Rxc1 Kf7 0-1

[Event "Lake Sevan 2014"]
[Site "Martuni ARM"]
[Date "2014.08.02"]
[Round "7.3"]
[White "Ter-Sahakyan, Samvel"]
[Black "Andriasian, Zaven"]
[Result "1/2-1/2"]
[WhiteTitle "GM"]
[BlackTitle "GM"]
[WhiteElo "2572"]
[BlackElo "2628"]
[WhiteFideId "13302531"]
[BlackFideId "13302000"]
[EventDate "2014.07.27"]

1. e4 c5 2. Nf3 d6 3. d4 cxd4 4. Nxd4 Nf6 5. Nc3 a6 6. Be3 Ng4 7. Bg5 h6 8. Bh4
g5 9. Bg3 Bg7 10. Be2 h5 11. h4 gxh4 12. Bxh4 Nc6 13. Nb3 Be6 14. Qd2 Rc8 15.
Bg3 b5 16. O-O Nce5 17. Nd4 Nc4 18. Bxc4 Rxc4 19. Nce2 h4 20. Bf4 Bd7 21. f3 Qb6
22. c3 e5 23. fxg4 exd4 24. Nxd4 Bxd4+ 25. cxd4 Qxd4+ 26. Qxd4 Rxd4 27. e5 h3
28. exd6 hxg2 29. Rfe1+ Be6 30. Be5 Rh1+ 31. Kxg2 Rxe1 32. Rxe1 Rxg4+ 33. Kf3
Rc4 34. a3 Bd5+ 35. Ke3 Re4+ 36. Kd2 Rxe1 37. Kxe1 a5 38. Kd2 a4 1/2-1/2

[Event "Lake Sevan 2014"]
[Site "Martuni ARM"]
[Date "2014.08.02"]
[Round "7.4"]
[White "Kuzubov, Yuriy"]
[Black "Sjugirov, Sanan"]
[Result "1-0"]
[WhiteTitle "GM"]
[BlackTitle "GM"]
[WhiteElo "2656"]
[BlackElo "2643"]
[WhiteFideId "14112906"]
[BlackFideId "4189302"]
[EventDate "2014.07.27"]

1. e4 e6 2. d4 d5 3. Nc3 Bb4 4. e5 Ne7 5. a3 Bxc3+ 6. bxc3 b6 7. Qg4 Ng6 8. h4
h5 9. Qd1 c5 10. Bb5+ Bd7 11. Bd3 Ba4 12. Bxg6 fxg6 13. Qd3 O-O 14. Qxg6 Qe8 15.
Qxe8 Rxe8 16. Ra2 Rc8 17. Kd1 Na6 18. Be3 cxd4 19. Bxd4 Nc7 20. Ne2 Nb5 21. Kd2
Rc4 22. Rb1 Rf8 23. f3 Rfc8 24. Rb4 Kf7 25. Ra1 Ke7 26. Kc1 Nxd4 27. Nxd4 Bd7
28. Rxc4 Rxc4 29. Kb2 a5 30. g3 Rc8 31. Rb1 Kf7 32. Ne2 Bb5 33. Nf4 Ba4 34. Rd1
g6 35. Rd4 Bb5 36. Nh3 Ke7 37. Rf4 Rf8 38. Rxf8 Kxf8 39. Nf4 Kf7 40. Kc1 Bc4 41.
Kd2 Bb5 42. Nh3 Ke7 43. g4 Be8 44. gxh5 gxh5 45. Nf4 Kd7 46. Ne2 Ke7 47. Ke3 Kf7
48. Nf4 Ke7 49. Kd4 Kd7 50. c4 dxc4 51. Kxc4 Kc6 52. c3 Bf7 53. Ne2 b5+ 54. Kd4
Bg6 55. Nf4 Bf7 56. Nd3 Bg6 57. Nc5 Bf5 58. Ne4 Bg6 59. Nd6 Bc2 60. Ne4 Bb1 61.
Nd6 Bg6 62. f4 Bc2 63. Ne8 Bd1 64. Ng7 Kd7 65. Ke4 Bc2+ 66. Ke3 Bg6 67. f5 Bxf5
68. Nxh5 1-0

[Event "Lake Sevan 2014"]
[Site "Martuni ARM"]
[Date "2014.08.02"]
[Round "7.5"]
[White "Vidit, Santosh Gujrathi"]
[Black "Melkumyan, Hrant"]
[Result "1/2-1/2"]
[WhiteTitle "GM"]
[BlackTitle "GM"]
[WhiteElo "2602"]
[BlackElo "2647"]
[WhiteFideId "5029465"]
[BlackFideId "13302485"]
[EventDate "2014.07.27"]

1. d4 Nf6 2. c4 e6 3. Nf3 d5 4. Nc3 Be7 5. Bf4 O-O 6. Rc1 c5 7. dxc5 Qa5 8. e3
Rd8 9. Qc2 Nc6 10. a3 dxc4 11. Bxc4 Qxc5 12. Ba2 Qh5 13. Bc7 Rf8 14. O-O Bd7 15.
Bg3 Rac8 16. Qe2 Rfd8 17. Rfd1 Be8 18. Rxd8 1/2-1/2

[Event "Lake Sevan 2014"]
[Site "Martuni ARM"]
[Date "2014.08.03"]
[Round "8.1"]
[White "Andriasian, Zaven"]
[Black "Hovhannisyan, Robert"]
[Result "1/2-1/2"]
[WhiteTitle "GM"]
[BlackTitle "GM"]
[WhiteElo "2628"]
[BlackElo "2592"]
[WhiteFideId "13302000"]
[BlackFideId "13302507"]
[EventDate "2014.07.27"]

1. Nf3 d5 2. g3 Nc6 3. Bg2 e5 4. d3 Nf6 5. O-O Bd6 6. Nc3 h6 7. e4 d4 8. Ne2 Be6
9. c3 dxc3 10. bxc3 O-O 11. Qc2 Re8 12. Re1 Qd7 13. Bb2 Rad8 14. d4 Bc4 15. Nd2
Ba6 16. d5 Na5 17. c4 b6 18. Nc1 c6 19. Ncb3 Nb7 20. Rac1 1/2-1/2

[Event "Lake Sevan 2014"]
[Site "Martuni ARM"]
[Date "2014.08.03"]
[Round "8.2"]
[White "Vidit, Santosh Gujrathi"]
[Black "Gabuzyan, Hovhannes"]
[Result "1-0"]
[WhiteTitle "GM"]
[BlackTitle "GM"]
[WhiteElo "2602"]
[BlackElo "2582"]
[WhiteFideId "5029465"]
[BlackFideId "13303732"]
[EventDate "2014.07.27"]

1. d4 Nf6 2. c4 g6 3. Nc3 Bg7 4. e4 O-O 5. Be2 c5 6. d5 d6 7. Bg5 h6 8. Bf4 a6
9. a4 Re8 10. Qd2 g5 11. Be3 e6 12. dxe6 Rxe6 13. f3 Nc6 14. Nh3 Nd4 15. Rd1 Nh5
16. g4 Re8 17. O-O Be5 18. Nxg5 hxg5 19. gxh5 Kh8 20. Kh1 Rg8 21. f4 Nb3 22. Qe1
gxf4 23. Bxf4 Bxf4 24. Rxf4 Qg5 25. Qf2 Be6 26. Nd5 Nd4 27. Bd3 Rg7 28. Rg1
Qxg1+ 29. Qxg1 Rxg1+ 30. Kxg1 Kg7 31. Kf2 Rh8 32. Nf6 b5 33. cxb5 axb5 34. Bxb5
Nxb5 35. axb5 Rb8 36. Kg3 Kh6 37. Rf2 Rxb5 38. Kf4 c4 39. Rd2 Rb8 40. Rg2 Ra8
41. Ke3 Ra1 42. Rd2 Ra6 43. Kd4 Kg5 44. Nd5 Kxh5 45. Kxc4 Kg4 46. b4 Kf3 47. Kd4
Ra1 48. Rd3+ Kg4 49. Rg3+ Kh4 50. Nc3 Ra3 51. Nb5 Ra4 52. Kc3 d5 53. Nd4 dxe4
54. Nxe6 fxe6 55. b5 Ra1 56. Re3 Rc1+ 57. Kb2 Rc5 58. b6 Rc8 59. Rxe4+ Kg5 60.
Rxe6 Kf5 61. b7 1-0

[Event "Lake Sevan 2014"]
[Site "Martuni ARM"]
[Date "2014.08.03"]
[Round "8.3"]
[White "Areshchenko, Alexander"]
[Black "Kuzubov, Yuriy"]
[Result "1/2-1/2"]
[WhiteTitle "GM"]
[BlackTitle "GM"]
[WhiteElo "2701"]
[BlackElo "2656"]
[WhiteFideId "14109530"]
[BlackFideId "14112906"]
[EventDate "2014.07.27"]

1. e4 e5 2. Nf3 Nc6 3. Bb5 Nf6 4. O-O Nxe4 5. Re1 Nd6 6. Nxe5 Nxe5 7. Rxe5+ Be7
8. Bf1 O-O 9. d4 Bf6 10. Re1 Nf5 11. c3 d5 12. Bd3 c6 13. Bf4 Be6 14. Nd2 Nh4
15. Nf1 Ng6 16. Bg3 Bh4 17. Bxg6 1/2-1/2

[Event "Lake Sevan 2014"]
[Site "Martuni ARM"]
[Date "2014.08.03"]
[Round "8.4"]
[White "Fedoseev, Vladimir3"]
[Black "Ter-Sahakyan, Samvel"]
[Result "0-1"]
[WhiteTitle "GM"]
[BlackTitle "GM"]
[WhiteElo "2668"]
[BlackElo "2572"]
[WhiteFideId "24130737"]
[BlackFideId "13302531"]
[EventDate "2014.07.27"]

1. c4 e5 2. Nc3 Nc6 3. g3 Bc5 4. Bg2 a6 5. d3 Nf6 6. e3 d6 7. Nge2 Ba7 8. O-O
O-O 9. h3 Ne7 10. e4 Nd7 11. Kh2 f5 12. f4 Nf6 13. b3 exf4 14. Nxf4 fxe4 15.
dxe4 Nc6 16. Ncd5 Bd4 17. Rb1 Bd7 18. Ba3 Kh8 19. Qd2 b6 20. Nd3 Ne5 21. N3f4
Nc6 22. Rbd1 a5 23. Qe1 Rc8 24. Kh1 Re8 25. g4 Be5 26. Nd3 Bd4 27. Bc1 Nxd5 28.
cxd5 Ne5 29. Nf4 Bc5 30. a3 b5 31. Qxa5 b4 32. axb4 Bb6 33. Qa1 Qh4 34. Nd3 Bxg4
35. Rf4 Qg3 36. Nxe5 Bxd1 37. Nd7 Rxe4 38. Qa6 Re1+ 39. Rf1 Rce8 40. Nxb6 Rxf1+ 0-1

[Event "Lake Sevan 2014"]
[Site "Martuni ARM"]
[Date "2014.08.03"]
[Round "8.5"]
[White "Melkumyan, Hrant"]
[Black "Sjugirov, Sanan"]
[Result "1-0"]
[WhiteTitle "GM"]
[BlackTitle "GM"]
[WhiteElo "2647"]
[BlackElo "2643"]
[WhiteFideId "13302485"]
[BlackFideId "4189302"]
[EventDate "2014.07.27"]

1. d4 Nf6 2. Nf3 e6 3. c4 b6 4. g3 Bb4+ 5. Bd2 Bxd2+ 6. Qxd2 Ba6 7. Qc2 d5 8.
cxd5 exd5 9. Bg2 O-O 10. O-O Nbd7 11. Nc3 Qe7 12. Rfd1 Bb7 13. Rac1 Rfd8 14. e3
c5 15. Ne1 Ne4 16. Nd3 cxd4 17. exd4 Nxc3 18. bxc3 Nf6 19. Nf4 Ba6 20. Re1 Qd6
21. Re5 Bc4 22. Rce1 Qa3 23. Re7 Bxa2 24. g4 g6 25. R7e5 Bb3 26. Qe2 Bc4 27. Qf3
Ne4 28. Qe3 Qd6 29. Bxe4 dxe4 30. Qxe4 a5 31. d5 b5 32. Qd4 a4 33. Re7 a3 34.
Ne6 Qxe6 35. R1xe6 a2 36. Re1 a1=Q 37. Rxa1 Rxa1+ 38. Kg2 Bxd5+ 39. Kg3 Rg1+ 40.
Kh4 h6 41. f4 Rg2 42. h3 1-0

[Event "Lake Sevan 2014"]
[Site "Martuni ARM"]
[Date "2014.08.04"]
[Round "9.2"]
[White "Kuzubov, Yuriy"]
[Black "Andriasian, Zaven"]
[Result "1/2-1/2"]
[WhiteTitle "GM"]
[BlackTitle "GM"]
[WhiteElo "2656"]
[BlackElo "2628"]
[WhiteFideId "14112906"]
[BlackFideId "13302000"]
[EventDate "2014.07.27"]

1. e4 c5 2. Nf3 d6 3. Bb5+ Nc6 4. O-O Bd7 5. Re1 Nf6 6. c3 a6 7. Bf1 Bg4 8. h3
Bxf3 9. Qxf3 g6 10. d3 Bg7 11. Be3 Nd7 12. Qd1 O-O 13. Nd2 b5 14. Nf3 Nde5 15.
Nh2 Rb8 16. f4 Nd7 17. Nf3 Nb6 18. Rc1 Qd7 19. d4 cxd4 20. cxd4 d5 21. e5 Nc4
22. Qc2 Rfc8 23. Bf2 Nb4 24. Qb3 a5 25. Ng5 Nd2 26. Qe3 Nxf1 27. Rxf1 Rxc1 28.
Rxc1 Rc8 29. a3 Rxc1+ 30. Qxc1 Na6 31. e6 fxe6 32. Qe1 a4 33. Qxe6+ Qxe6 34.
Nxe6 Bh6 35. Be3 Kf7 36. Nd8+ Ke8 37. Nc6 Kd7 38. Ne5+ Ke8 39. Kf2 Bg7 40. Nf3
Bf6 41. Bd2 Nb8 42. Ke3 Nc6 43. Kd3 e6 44. Be1 Be7 45. g4 Kd7 46. Bd2 Ke8 47.
Ke3 Kf7 48. Ne1 Bf6 49. Bc3 Bh4 50. Nd3 Be7 51. Nc1 Bf6 52. Kd3 Ke8 53. Ne2 Kd7
54. Be1 Kc7 55. Bd2 Kb6 56. Be1 Kc7 57. f5 gxf5 58. gxf5 exf5 59. Nc3 Kb7 60.
Nxb5 Kb6 61. Nc3 Bxd4 62. Nxa4+ Kb5 63. b3 Bf6 64. Nc3+ Kc5 65. b4+ Kd6 66. Nb5+
Kd7 67. Bc3 Bg5 68. Nd4 Ne5+ 69. Ke2 Nc4 70. Nf3 Bc1 71. a4 f4 72. Ne5+ Ke6 73.
Nxc4 dxc4 74. Kf3 Kd5 75. b5 Be3 76. Bb4 Kd4 77. b6 Kd5 78. b7 Ba7 79. a5 Kc6
80. a6 Bb8 81. Bd2 c3 82. Bxf4 Bxf4 83. Kxf4 c2 84. b8=Q c1=Q+ 85. Kg4 Qd1+ 86.
Kg5 Qg1+ 87. Kf5 Qg6+ 88. Kf4 Qf6+ 89. Ke4 Qg6+ 90. Kd4 Qg1+ 91. Kd3 Qf1+ 92.
Ke4 Qg2+ 93. Kd4 Qd2+ 94. Ke4 Qg2+ 95. Kd4 Qd2+ 1/2-1/2

[Event "Lake Sevan 2014"]
[Site "Martuni ARM"]
[Date "2014.08.04"]
[Round "9.3"]
[White "Hovhannisyan, Robert"]
[Black "Fedoseev, Vladimir3"]
[Result "0-1"]
[WhiteTitle "GM"]
[BlackTitle "GM"]
[WhiteElo "2592"]
[BlackElo "2668"]
[WhiteFideId "13302507"]
[BlackFideId "24130737"]
[EventDate "2014.07.27"]

1. e4 c5 2. Nf3 Nc6 3. d4 cxd4 4. Nxd4 e6 5. Nc3 Qc7 6. Be3 Nf6 7. Be2 a6 8. O-O
Be7 9. f4 d6 10. Qe1 O-O 11. Rd1 Bd7 12. Kh1 b5 13. a3 Rab8 14. Qg3 Ne8 15. e5
f5 16. exf6 Nxf6 17. Bf3 Qc8 18. f5 Nxd4 19. Bxd4 e5 20. Ba7 Rb7 21. Bxb7 Qxb7
22. Be3 Bc6 23. Bh6 Rf7 24. Bg5 d5 25. Bxf6 Bxf6 26. Na2 a5 27. c3 Re7 28. Nc1
h5 29. Nd3 h4 30. Qh3 Qb6 31. Nf2 e4 32. Ng4 Bb7 33. Nxf6+ Qxf6 34. Qg4 e3 35.
Rd4 b4 36. axb4 Re5 37. h3 Ba6 38. Re1 Rxf5 39. Qxh4 Qxh4 40. Rxh4 e2 41. Rxe2
Bxe2 42. bxa5 Rf1+ 43. Kh2 Ra1 44. b3 Rxa5 45. c4 dxc4 46. bxc4 Rc5 47. Re4 Bxc4
48. Re3 Bb5 49. Rb3 Bc6 50. Rb2 Kf7 51. Rf2+ Kg6 52. Re2 Rc4 53. Re6+ Kf5 54.
Re7 Kf6 55. Re2 Be4 56. Re3 Bd5 57. Rd3 Bc6 58. Rd6+ Kf5 59. Rd2 Be4 60. Rf2+
Kg5 61. Re2 Kf4 62. Rf2+ Ke3 63. Kg3 Rc6 64. Rb2 Rg6+ 65. Kh2 Bd5 66. Kg1 Ra6
67. Rb4 Ra1+ 68. Kh2 Be4 69. Rb2 Rb1 70. Ra2 Kf4 71. Rf2+ Kg5 72. Re2 Rb4 73.
Re3 Kf5 74. Rg3 g6 75. Kg1 Rb1+ 76. Kh2 Rb2 77. Kg1 Rd2 78. Kh2 Ke5 79. Kg1 Rd3
80. Rg4 Rc3 81. Kh2 Bf5 82. Rg3 Rxg3 83. Kxg3 Be6 84. Kf3 Bd5+ 85. Kg4 Kf6 86.
Kg3 Kg5 87. Kh2 Kf4 88. g3+ Ke5 0-1

[Event "Lake Sevan 2014"]
[Site "Martuni ARM"]
[Date "2014.08.04"]
[Round "9.4"]
[White "Gabuzyan, Hovhannes"]
[Black "Melkumyan, Hrant"]
[Result "1/2-1/2"]
[WhiteTitle "GM"]
[BlackTitle "GM"]
[WhiteElo "2582"]
[BlackElo "2647"]
[WhiteFideId "13303732"]
[BlackFideId "13302485"]
[EventDate "2014.07.27"]

1. c4 c5 2. Nf3 Nc6 3. g3 Nf6 4. Bg2 d6 5. O-O g6 6. b3 Bg7 7. Bb2 Bd7 8. d4
cxd4 9. Nxd4 h5 10. h4 O-O 11. Nc3 Qa5 12. Rc1 Rfc8 13. Qd2 Rab8 14. Rfd1 a6 15.
Nxc6 Bxc6 16. Qg5 Qxg5 17. hxg5 Ne4 18. Bxe4 Bxe4 19. Ba3 Bc6 20. Nd5 Bxd5 21.
Rxd5 Rc6 22. Kg2 f6 23. c5 dxc5 24. Rcxc5 Rxc5 25. Bxc5 fxg5 26. Rd7 Rc8 27. Be3
Rc2 28. a4 b5 29. Ra7 bxa4 30. bxa4 Rxe2 31. Rxa6 Kf7 32. Ra8 Ra2 33. a5 Ra4 34.
Bxg5 Bd4 35. Kf3 Ra3+ 36. Be3 Bxe3 37. fxe3 Kf6 38. a6 Ra4 39. Rf8+ Kg7 40. Re8
Kf7 41. Ra8 g5 42. a7 Ke6 43. Ke2 g4 44. Kd3 Ke5 45. Rc8 Rxa7 46. Rc5+ Kf6 47.
Rxh5 Ra3+ 48. Ke4 Ra4+ 49. Kd3 e5 50. Rh6+ Kf5 51. e4+ Kg5 52. Re6 Ra3+ 53. Ke2
Rxg3 54. Rxe5+ Kh4 55. Kf2 Ra3 56. Rf5 Ra2+ 57. Kg1 Kh3 58. Rf1 Re2 59. Ra1 Rxe4
60. Ra3+ g3 1/2-1/2